Design for earthquakes

Gespeichert in:
Bibliographische Detailangaben
Hauptverfasser: Ambrose, James (Verfasst von), Vergun, Dimitry (Verfasst von)
Format: Buch
Sprache:Englisch
Veröffentlicht: New York : John Wiley & Sons, 1999
Tags: Tag hinzufügen
Keine Tags, Fügen Sie das erste Tag hinzu!

MARC

LEADER 00000nam a22000003a 4500
001 stu77863
005 20190206124416.7
008 021107s1999----xxu-----------------eng-d
020 |a 0-471-24188-1 
040 |a STU  |b slo 
041 0 |a eng 
044 |a xxu 
080 |a 624.042.7 
080 |a 69.059.22 
080 |a 693.8  |7 stu_us_auth*stu4096 
100 1 |a Ambrose, James  |4 aut 
245 1 |a Design for earthquakes 
260 |a New York :  |b John Wiley & Sons,  |c 1999 
300 |a 363 s 
700 1 |a Vergun, Dimitry  |4 aut 
996 |c V*47487/O-20915  |l VV14  |s P  |a 0  |w stu77863_0001